000 00313nam a2200121Ia 4500
008 190216s9999||||xx |||||||||||||| ||und||
100 _aMadan Rl & Tuli Gd
245 0 _aSimplified Course In Inorganic Chemistry
260 _bS Chand & Co
_c2003
300 _a703p
650 _aInorganic Chemistry
942 _cBK
999 _c3096
_d3096